Statistics for Series by Brandon Mull

Click here to take the quiz!

General Stats

  • This quiz has been taken 8 times
  • The average score is 4 of 5

Answer Stats

Date of ReleaseAnswer% Correct
2006Fablehaven
100%
2014Five Kingdoms
86%
2012Beyonders
71%
2017Dragonwatch
57%
2013Spirit Animals
57%

Score Distribution

Percentile by Number Answered

Percent of People with Each Score

Your Score History

You have not taken this quiz